MARC

LEADER 00000nam0a2200000 4500
001 354345
005 20241127162323.0
035 |a (RuTPU)RU\TPU\retro\11603 
090 |a 354345 
100 |a 20200618d1979 m y0rusy50 ca 
101 0 |a rus 
102 |a RU 
105 |a y j 001zy 
200 1 |a Пособие по истории СССР  |f В. В. Мальков 
205 |a 3-е изд., перераб. и доп. 
210 |a Москва  |c Высшая школа  |d 1979 
215 |a 400 с. 
320 |a Хронология: с. 385-388 
606 |a Россия  |x История  |9 81526 
610 1 |a учебные пособия 
610 1 |a первобытнообщинный строй 
610 1 |a феодализм 
610 1 |a культура 
610 1 |a внешняя политика 
610 1 |a капитализм 
610 1 |a Российская империя 
610 1 |a войны 
610 1 |a реформы 
610 1 |a освободительное движение 
610 1 |a империализм 
610 1 |a Октябрьская революция 1917 
610 1 |a советское общество 
610 1 |a развитой социализм 
610 1 |a КПСС 
610 1 |a съезды 
686 |a Т3(2)я7  |2 rubbk 
700 1 |a Мальков  |b В. В.  |g Владимир Васильевич 
801 1 |a RU  |b 63413507  |c 20200618 
801 2 |a RU  |b 63413507  |c 20201228  |g RCR 
942 |c BK